Metallurgy and treatment of tool steels (Record no. 262571)

000 -LEADER
fixed length control field 00225 a2200097 4500
001 - CONTROL NUMBER
control field 27498
090 ## - LOCALLY ASSIGNED LC-TYPE CALL NUMBER (OCLC); LOCAL CALL NUMBER (RLIN)
-- 18292
-- 18292
100 ## - MAIN ENTRY--PERSONAL NAME
Personal name Wilson, R
245 ## - TITLE STATEMENT
Title Metallurgy and treatment of tool steels
260 ## - PUBLICATION, DISTRIBUTION, ETC.
Place of publication, distribution, etc.
Name of publisher, distributor, etc. McGraw-Hill
Date of publication, distribution, etc. 1975
942 ## - ADDED ENTRY ELEMENTS (KOHA)
Institution code [OBSOLETE] NUST-CAE
Koha item type
--
Holdings
Withdrawn status Lost status Damaged status Not for loan Collection code Permanent Location Current Location Date acquired Total Checkouts Barcode Date last seen Price effective from Koha item type
          College of Aeronautical Engineering (CAE) College of Aeronautical Engineering (CAE) 04/03/2017   CAE24153 04/05/2017 04/05/2017 Book
© 2023 Central Library, National University of Sciences and Technology. All Rights Reserved.